000 00407nam a2200169Ia 4500
003 LK-CoDNM
008 010623t1931 xxu||||| |||| 00| 1 eng d
040 _aLK-CoDNM
_dLK-CoDNM
_eLK-CoDNM
041 _aeng
080 _a20 G 28
245 _aPlate Ceylon annual,1932
260 _bPlate Ltd
_aColpetty
_c1931
300 _b68p,26ill,pl., 27 cm
650 _aColombo
650 _aSri Paada
942 _cBK
999 _c95711
_d95711